00573nam a2200193Ia 450000500170000000800460001703700110006304000080007404000080008204000080009004100080009804100080010608400080011410000390012224501190016126000090028030000100028970000800029920260430150008.0008 250103s9999 xx 000 0 eng d aTheses aCRL beng ceng 2eng aeng qCRL aVivek Ratna Au.; Radhika Kumar Gu. 0aBiomatric Identification practice in India: A Case Study of Aadhaar-Enabled MGNREGA in Ramgarh district, Jharkhand c2022 a176p. aUniversity of Delhi. Faculty of social Sciences. Deptt of Political Science